Sử dụng câu hỏi trong dạy - học phần văn xuôi Việt Nam hiện đại ở trường Trung học Phổ thông : Luận văn Thạc sĩ nghành Lí luận và Phương pháp dạy học bộ môn Văn và tiếng Việt

Luận văn nghiên cứu về cách sử dụng câu hỏi trong quá trình dạy và học trong phần văn xuôi Việt Nam hiện đại ở trường Trung học Phổ thông

Wedi'i Gadw mewn:
Manylion Llyfryddiaeth
Prif Awdur: Bùi, Túy Phượng
Fformat: Llyfr
Iaith:Undetermined
Cyhoeddwyd: Cần Thơ Đại học Cần Thơ 2011
Pynciau:
Tagiau: Ychwanegu Tag
Dim Tagiau, Byddwch y cyntaf i dagio'r cofnod hwn!
Thư viện lưu trữ: Trung tâm Học liệu Trường Đại học Cần Thơ
LEADER 01210nam a2200229Ia 4500
001 CTU_171379
008 210402s9999 xx 000 0 und d
082 |a 495.9220712 
082 |b Ph561 
088 |a 60140111 
100 |a Bùi, Túy Phượng 
245 0 |a Sử dụng câu hỏi trong dạy - học phần văn xuôi Việt Nam hiện đại ở trường Trung học Phổ thông : 
245 0 |b Luận văn Thạc sĩ nghành Lí luận và Phương pháp dạy học bộ môn Văn và tiếng Việt 
245 0 |c Bùi Túy Phượng ; Nguyễn Văn Nở (Cán bộ hướng dẫn) 
260 |a Cần Thơ 
260 |b Đại học Cần Thơ 
260 |c 2011 
520 |a Luận văn nghiên cứu về cách sử dụng câu hỏi trong quá trình dạy và học trong phần văn xuôi Việt Nam hiện đại ở trường Trung học Phổ thông 
650 |a Vietnamese fictions,Tiểu thuyết Việt Nam 
650 |x Studying and teaching,Dạy và học 
904 |i Hồng Điểm, Trọng Hiếu 
980 |a Trung tâm Học liệu Trường Đại học Cần Thơ